000 00314nam a2200109Ia 4500
008 210107s9999 xx 000 0 und d
100 _aHMSO
245 0 _a Manual of Firemanship : A survey of the science of fire-fighting; Fire Brigade Equipment (Book 2)
260 _aLondon
_bHMSO
300 _a199
942 _cBK
999 _c11343
_d11343